000 00730nam a2200205 i 4500
001 83557
003 ES-MaACL
005 20250414184902.0
007 t|
008 041117s1974 sp ||||1| spa d
245 0 0 _aIntroducción a la psicología fisiológica /
_cRobert L. Isaacson... [et al.] ; [traducción de Julio Arangais y Dionisio Mangas ; revisión y prólogo Dionisio Pérez y Pérez].
260 _aMadrid :
_bJosefina Betancor,
_c1974.
300 _a417 p. :
_bil. ;
_c22 cm.
700 1 _aArangais, Julio.
_922299
700 1 _aPérez y Pérez, Dionisio
_9240039
700 1 _aManga, Dionisio.
_975999
700 1 _aIsaacson, Robert L.
_965516
852 _aES-MaACL
_jE-6312
_bR.90355
999 _c83557
_d83557